<?xml version="1.0" encoding="UTF-8"?>
<record
    xmlns:xsi="http://www.w3.org/2001/XMLSchema-instance"
    xsi:schemaLocation="http://www.loc.gov/MARC21/slim http://www.loc.gov/standards/marcxml/schema/MARC21slim.xsd"
    xmlns="http://www.loc.gov/MARC21/slim">

  <leader>01050nam a22002057a 4500</leader>
  <controlfield tag="003">BDDh-ASL</controlfield>
  <controlfield tag="005">20231015031333.0</controlfield>
  <controlfield tag="008">220427s2022    b  ||||| |||| 00| 0 b   d</controlfield>
  <datafield tag="040" ind1=" " ind2=" ">
    <subfield code="c">BDDh-ASL</subfield>
  </datafield>
  <datafield tag="041" ind1=" " ind2=" ">
    <subfield code="a">bengali </subfield>
  </datafield>
  <datafield tag="082" ind1=" " ind2=" ">
    <subfield code="a">910</subfield>
    <subfield code="b">HOS</subfield>
  </datafield>
  <datafield tag="100" ind1="1" ind2=" ">
    <subfield code="a">&#x9B9;&#x9CB;&#x9B8;&#x9C7;&#x9A8;, &#x99C;&#x9BE;&#x9B9;&#x9BE;&#x999;&#x9CD;&#x997;&#x9C0;&#x9B0;</subfield>
    <subfield code="9">8028</subfield>
  </datafield>
  <datafield tag="245" ind1="1" ind2="0">
    <subfield code="a">&#x9B8;&#x9CD;&#x9AE;&#x9C3;&#x9A4;&#x9BF;&#x9B0; &#x9AA;&#x9BE;&#x9A4;&#x9BE;&#x9AF;&#x9BC; &#x9AE;&#x9BE;&#x9B2;&#x9AF;&#x9BC;&#x9C7;&#x9B6;&#x9BF;&#x9AF;&#x9BC;&#x9BE; /</subfield>
  </datafield>
  <datafield tag="246" ind1=" " ind2=" ">
    <subfield code="a">Smritir Pataya malyasia. </subfield>
  </datafield>
  <datafield tag="260" ind1=" " ind2=" ">
    <subfield code="a">&#x9A2;&#x9BE;&#x995;&#x9BE;: </subfield>
    <subfield code="b">&#x99C;&#x9BE;&#x997;&#x9A4;&#x9BF;&#x995; &#x9AA;&#x9CD;&#x9B0;&#x995;&#x9BE;&#x9B6;&#x9A8;, </subfield>
    <subfield code="c">&#x9E8;&#x9E6;&#x9E8;&#x9E8;&#x964; </subfield>
  </datafield>
  <datafield tag="300" ind1=" " ind2=" ">
    <subfield code="a">&#x9E7;&#x9EC;&#x9E6; &#x9AA;&#x9C3;&#x9B7;&#x9CD;&#x9A0;&#x9BE;; </subfield>
    <subfield code="c">&#x9E8;&#x9E8; &#x9B8;&#x9C7;.&#x9AE;&#x9BF;. </subfield>
    <subfield code="b">&#x9B0;&#x999;&#x9BF;&#x9A8; &#x99B;&#x9AC;&#x9BF;; </subfield>
  </datafield>
  <datafield tag="650" ind1=" " ind2="0">
    <subfield code="a">Travel, Travelouge, &#x9AD;&#x9CD;&#x9B0;&#x9AE;&#x9A3;&#x995;&#x9BE;&#x9B9;&#x9BF;&#x9A8;&#x9C0;, Bhrama&#x1E47;ak&#x101;hin&#x12B;, &#x9AD;&#x9CD;&#x9B0;&#x9AE;&#x9A3;, Bhrama&#x1E47;a, &#x9AA;&#x9B0;&#x9CD;&#x9AF;&#x99F;&#x9A8;, travel, tour, journey, excursion, peregrination, pathway, &#x9AA;&#x9B0;&#x9BF;&#x9AD;&#x9CD;&#x9B0;&#x9AE;&#x9A3; &#x995;&#x9B0;&#x9BE;, Travel Guide, &#x9AD;&#x9CD;&#x9B0;&#x9AE;&#x9A3; &#x9B8;&#x9BE;&#x9B9;&#x9BE;&#x9AF;&#x9CD;&#x9AF;&#x995;&#x9BE;&#x9B0;&#x9C0;, Bhrama&#x1E47;a s&#x101;h&#x101;yyak&#x101;r&#x12B;</subfield>
    <subfield code="9">7139</subfield>
  </datafield>
  <datafield tag="651" ind1=" " ind2="0">
    <subfield code="a">&#x9AE;&#x9BE;&#x9B2;&#x9CB;&#x9AF;&#x9BC;&#x9C7;&#x9B6;&#x9BF;&#x9AF;&#x9BC;&#x9BE;, Malyasia</subfield>
    <subfield code="9">8029</subfield>
  </datafield>
  <datafield tag="942" ind1=" " ind2=" ">
    <subfield code="2">ddc</subfield>
    <subfield code="c">BK</subfield>
  </datafield>
  <datafield tag="952" ind1=" " ind2=" ">
    <subfield code="0">0</subfield>
    <subfield code="1">0</subfield>
    <subfield code="2">ddc</subfield>
    <subfield code="4">0</subfield>
    <subfield code="7">0</subfield>
    <subfield code="8">NFIC</subfield>
    <subfield code="a">ASL</subfield>
    <subfield code="b">ASL</subfield>
    <subfield code="c">GEN</subfield>
    <subfield code="d">2023-04-16</subfield>
    <subfield code="e">Complimentary</subfield>
    <subfield code="l">0</subfield>
    <subfield code="o">910 HOS</subfield>
    <subfield code="p">120749</subfield>
    <subfield code="r">2023-04-16 00:00:00</subfield>
    <subfield code="t">C-1</subfield>
    <subfield code="w">2023-04-16</subfield>
    <subfield code="y">BK</subfield>
    <subfield code="z">Y-2022</subfield>
  </datafield>
  <datafield tag="999" ind1=" " ind2=" ">
    <subfield code="c">31978</subfield>
    <subfield code="d">31978</subfield>
  </datafield>
</record>
